¿Las Pymes en el 2000? (Registro nro. 2929)

Detalles MARC
000 -LEADER
fixed length control field 01428 a2200229 4500
001 - CONTROL NUMBER
control field 38854
005 - DATE AND TIME OF LATEST TRANSACTION
control field 20260407155649.0
008 - FIXED-LENGTH DATA ELEMENTS--GENERAL INFORMATION
fixed length control field 260407a2000 arg spa d
003 - CONTROL NUMBER IDENTIFIER
control field AR-UNSa-BCEJYS
040 ## - CATALOGING SOURCE
Original cataloging agency AR-UNSa-BCEJYS
Language of cataloging spa
Transcribing agency AR-UNSa-BCEJYS
080 ## - UNIVERSAL DECIMAL CLASSIFICATION NUMBER
Universal Decimal Classification number 334.713
Common auxiliary subdivision Pequeña industria (Pymes)
020 ## - INTERNATIONAL STANDARD BOOK NUMBER
International Standard Book Number 950-739-847-3
041 ## - LANGUAGE CODE
Language code of text/sound track or separate title spa
100 1# - MAIN ENTRY--PERSONAL NAME
Personal name Irigoyen, Horacio A.
245 10 - TITLE STATEMENT
Title ¿Las Pymes en el 2000?
Name of part/section of a work supervivencia, desarrollo y futuro
264 #1 - PRODUCTION, PUBLICATION, DISTRIBUTION, MANUFACTURE, AND COPYRIGHT NOTICE
Place of production, publication, distribution, manufacture Buenos Aires :
Name of producer, publisher, distributor, manufacturer Errepar
Date of production, publication, distribution, manufacture, or copyright notice 2000
300 ## - PHYSICAL DESCRIPTION
Extent 238 p.
Dimensions 22 cm.
505 ## - FORMATTED CONTENTS NOTE
Formatted contents note 1. Descripción del marco - 2. El criterio de polaridad - 3. Carcterísticas del hombre administrativo - 4. Aprendizaje de respuestas y construcción de la personalidad - 4. Aprendizaje de respuestas y construcción de la personalidad - 5. La importancia de la familia en este proceso - 6. El fenómeno decisorio - 7. Los grupos, la familia y la empresa - 8. La importancia de la mujer en la actualidad - 9. El tratamiento de la crisis - 10. El problema de la economía - 11. El país y sus regiones - 12. La capacitación y las Pymes - 13. Los aspectos comerciales - 14. La calidad en las Pymes - 15. Acuerdos de colaboración y asociaciones - 16. Consideraciones sobre algunas investigaciones - 17. Conclusiones.
590 ## - LOCAL NOTE (RLIN)
Local note niveau_biblio:m niveau_hierar:0
856 41 - ELECTRONIC LOCATION AND ACCESS
Uniform Resource Identifier <a href="https://biblioeco.unsa.edu.ar/pmb/images/libros/L85850.jpg">https://biblioeco.unsa.edu.ar/pmb/images/libros/L85850.jpg</a>
Link text Imagen de portada
Electronic format type image/jpeg
942 ## - ADDED ENTRY ELEMENTS (KOHA)
Koha item type
Existencias
Withdrawn status Lost status Damaged status Not for loan Home library Current library Shelving location Date acquired Total checkouts Full call number Barcode Date last seen Price effective from Koha item type
        Biblioteca Prof. Eusebio Cleto del Rey Biblioteca Prof. Eusebio Cleto del Rey   07/04/2026   334.713 I68 L85850 07/04/2026 07/04/2026 Libro
        Biblioteca Prof. Eusebio Cleto del Rey Biblioteca Prof. Eusebio Cleto del Rey   07/04/2026   334.713 I68 L85851 07/04/2026 07/04/2026 Libro
        Biblioteca Prof. Eusebio Cleto del Rey Biblioteca Prof. Eusebio Cleto del Rey   07/04/2026   334.713 I68 L85852 07/04/2026 07/04/2026 Libro